| 000 | 00586nam a22001937a 4500 | ||
|---|---|---|---|
| 999 |
_c176968 _d176968 |
||
| 005 | 20210204112936.0 | ||
| 008 | 180725b xxu||||| |||| 00| 0 eng d | ||
| 010 | _aB-213717 | ||
| 035 | _a B-213717 | ||
| 037 | _bBPPD/PUB | ||
| 082 | _aN | ||
| 100 | _aNair Preethi | ||
| 245 |
_aOne hundred shades of white / _cPreethi Nair |
||
| 260 |
_aNew Delhi _bharperCollins Publishers India _c2005 |
||
| 270 |
_a1A Hamilton house, connaught place _bNew Delhi _e110001 |
||
| 300 |
_a294p. _c24 cm (Hb) |
||
| 650 | _aFinancial accountancy | ||
| 942 |
_adpl _cEN _k657.48 / GUP _2ddc _hN _mNAY |
||